La integración económica centroamericana en la industria alimenticia de bebidas y tabaco

Comportamiento de la industria alimenticia, de bebidas y tabaco, en el proceso de integración económica centroamericana expone los principales indicadores económicos relacionados con dichas actividades industriales./ALLV

Bewaard in:
Bibliografische gegevens
Hoofdauteur: Solórzano Delgadillo, Orlando
Formaat: Texto
Gepubliceerd in: Guatemala : SIECA,
Onderwerpen:
Tags: Voeg label toe
Geen labels, Wees de eerste die dit record labelt!

MARC

LEADER 00000 a a2200000 04500
001 19727
003
040
090 |a 0001 S588i  
100 |a Solórzano Delgadillo, Orlando  
245 |a La integración económica centroamericana en la industria alimenticia de bebidas y tabaco  
260 |a Guatemala :   |b SIECA,  
300 |a 30 p.  
520 |a Comportamiento de la industria alimenticia, de bebidas y tabaco, en el proceso de integración económica centroamericana expone los principales indicadores económicos relacionados con dichas actividades industriales./ALLV  
650 |a INDUSTRIA DE LA ALIMENTACION  
650 |a INDUSTRIA DE ELABORACION DE BEBIDAS  
650 |a INDUSTRIA TABACALERA  
650 |a INTEGRACION ECONOMICA  
999 |c 17160  |d 17160